000 00413nam a2200181Ia 4500
005 20250603145937.0
008 250603s9999 xx 000 0 und d
020 _a9789787837122
050 _aCT 25 .A34/
100 _aAdebise Ademola
245 4 _aThe Transformational Leader
260 _aNigeria
260 _bAdemola Adebise
260 _c2023
300 _a158 p
650 _aNigeria
942 _cBK
999 _c43314
_d43314